[Event "MVP-ch Seniors op 12th"]
[Site "Binz"]
[Date "2012.12.03"]
[Round "6"]
[White "Schwanke, Gerhard"]
[Black "Bachmann, Rolf"]
[Result "0-1"]
[WhiteElo "1710"]
[BlackElo "1881"]
[PlyCount "128"]
[EventDate "2012.11.28"]
[EventType "swiss"]
[EventRounds "9"]
[EventCountry "GER"]
[SourceTitle "EXT 2014"]
[Source "ChessBase"]
[SourceDate "2013.11.20"]
[SourceVersion "1"]
[SourceVersionDate "2013.11.20"]
[SourceQuality "1"]

1. e4 c5 2. Nf3 d6 3. d4 cxd4 4. Qxd4 Nc6 5. Bb5 Bd7 6. Bxc6 bxc6 7. c4 Nf6 8. Nc3 g6 9. e5 dxe5 10. Nxe5 Bg7 11. Nxd7 Qxd7 12. Qxd7+ Nxd7 13. Bd2 Ne5 14. b3 0-0-0 15. Rd1 Rd7 16. Ke2 Rhd8 17. Na4 Re8 18. Bc3 Bh8 19. f4 Ng4 20. Bxh8 Rxh8 21. Rxd7 Kxd7 22. Rd1+ Kc7 23. h3 Nf6 24. Ke3 Nd7 25. Rd4 f5 26. b4 Re8 27. Kf3 e5 28. fxe5 Rxe5 29. Nc3 g5 30. c5 Nf8 31. Rd6 Re6 32. Rd2 Ng6 33. Ne2 Nh4+ 34. Kf2 f4 35. g3 fxg3+ 36. Kxg3 h5 37. Nd4 Re3+ 38. Kf2 Re4 39. a3 g4 40. hxg4 hxg4 41. Ne2 Nf5 42. Ng3 Rf4+ 43. Kg2 Ne3+ 44. Kh2 Nc4 45. Re2 Nxa3 46. Re7+ Kb8 47. Ne4 Nb5 48. Kg3 Rf3+ 49. Kxg4 Rb3 50. Nd6 Rxb4+ 51. Kf5 Rb1 52. Rb7+ Ka8 53. Rg7 a5 54. Nc4 Ra1 55. Nb6+ Kb8 56. Ke6 Rd1 57. Ke5 Re1+ 58. Kf6 Re4 59. Rg8+ Kb7 60. Rg7+ Ka6 61. Rg8 Nc7 62. Rg3 a4 63. Nc8 Nd5+ 64. Kf5 Re3 0-1

[Event "MVP-ch Seniors op 12th"]
[Site "Binz"]
[Date "2012.12.02"]
[Round "5"]
[White "Szenetra, Werner"]
[Black "Schwanke, Gerhard"]
[Result "1-0"]
[WhiteElo "2022"]
[BlackElo "1710"]
[PlyCount "59"]
[EventDate "2012.11.28"]
[EventType "swiss"]
[EventRounds "9"]
[EventCountry "GER"]
[SourceTitle "EXT 2014"]
[Source "ChessBase"]
[SourceDate "2013.11.20"]
[SourceVersion "1"]
[SourceVersionDate "2013.11.20"]
[SourceQuality "1"]

1. Nf3 Nf6 2. d3 g6 3. g3 Bg7 4. Bg2 d5 5. 0-0 0-0 6. Nbd2 Nbd7 7. e4 dxe4 8. dxe4 e5 9. Qe2 c6 10. a4 Qc7 11. b3 Re8 12. Rd1 b6 13. Nc4 Ba6 14. Bb2 Rad8 15. Rd2 Bh6 16. Rdd1 Re7 17. h4 Rde8 18. Ba3 c5 19. Ng5 Nh5 20. Bc1 f6 21. Ne6 Rxe6 22. Bxh6 Nb8 23. Bh3 R6e7 24. Qd3 Nc6 25. Qd5+ Kh8 26. Nd6 Rd8 27. Qxc6 Qxc6 28. Nf7+ Kg8 29. Rxd8+ Re8 30. Nd6 1-0

[Event "MVP-ch Seniors op 11th"]
[Site "Binz"]
[Date "2011.12.06"]
[Round "7.23"]
[White "Schwanke, Gerhard"]
[Black "Kirmas, Joachim"]
[Result "0-1"]
[WhiteElo "1769"]
[BlackElo "1881"]
[PlyCount "46"]
[EventDate "2011.11.30"]
[EventType "swiss"]
[EventRounds "9"]
[EventCountry "GER"]
[SourceTitle "EXT 2013"]
[Source "ChessBase"]
[SourceDate "2012.11.22"]
[SourceVersion "1"]
[SourceVersionDate "2012.11.22"]
[SourceQuality "1"]

1. e4 e5 2. Nf3 d6 3. Bc4 Nc6 4. d4 Bg4 5. dxe5 Nxe5 6. Be2 Nxf3+ 7. Bxf3 Be6 8. Nc3 Nf6 9. Bg5 Be7 10. Qd2 h6 11. Bh4 Qd7 12. h3 Nxe4 13. Nxe4 Bxh4 14. Rd1 Qb5 15. Qc3 0-0 16. g3 Bd8 17. Be2 Qb6 18. Kf1 d5 19. Nc5 Bf6 20. Na4 Bxc3 21. Nxb6 axb6 22. bxc3 Rxa2 23. Bd3 c5 0-1

[Event "MVP-ch Seniors op 11th"]
[Site "Binz"]
[Date "2011.12.04"]
[Round "5.47"]
[White "Schwanke, Gerhard"]
[Black "Graffenberger, Wilhelm"]
[Result "1/2-1/2"]
[WhiteElo "1769"]
[BlackElo "1466"]
[PlyCount "162"]
[EventDate "2011.11.30"]
[EventType "swiss"]
[EventRounds "9"]
[EventCountry "GER"]
[SourceTitle "EXT 2013"]
[Source "ChessBase"]
[SourceDate "2012.11.22"]
[SourceVersion "1"]
[SourceVersionDate "2012.11.22"]
[SourceQuality "1"]

1. e4 d5 2. exd5 Qxd5 3. Nc3 Qd6 4. d4 c6 5. Bc4 Nf6 6. Nge2 Bg4 7. f3 Bh5 8. Bf4 Qd8 9. Qd2 Nbd7 10. 0-0-0 e6 11. a3 Be7 12. Kb1 Bg6 13. Rhe1 b5 14. Bd3 b4 15. axb4 Bxb4 16. Bxg6 fxg6 17. Qd3 0-0 18. Bd2 a5 19. Nf4 Rf7 20. Nxe6 Qb6 21. Qc4 Bxc3 22. Bxc3 Nd5 23. Ng5 Rf5 24. Ne4 Qb5 25. Qxb5 cxb5 26. Nd6 Nxc3+ 27. bxc3 Rd5 28. Ne4 Nb6 29. Kb2 Nc4+ 30. Ka2 a4 31. Nd2 Nd6 32. Re6 Re8 33. Rde1 Rxe6 34. Rxe6 Kf7 35. Re2 Nf5 36. Ka3 Ne7 37. Nf1 Rd6 38. Re5 Rd5 39. Re4 Rd6 40. Ne3 Nc6 41. Ng4 Rd5 42. f4 h5 43. Ne5+ Nxe5 44. fxe5 Ke6 45. Rf4 Ke7 46. c4 bxc4 47. Kxa4 g5 48. Re4 Ke6 49. c3 Rd8 50. Re2 Rb8 51. d5+ Kxd5 52. e6 Re8 53. e7 g4 54. Kb5 h4 55. Rd2+ Ke6 56. Kxc4 Rc8+ 57. Kd4 Kxe7 58. Rf2 Rd8+ 59. Ke4 Rc8 60. Kd3 Rd8+ 61. Kc2 g5 62. Rf5 Rg8 63. c4 Ke6 64. Rd5 Rc8 65. Kd3 Kf6 66. c5 Rb8 67. Kc3 Rb1 68. Rd2 Ke5 69. Kc4 Kf4 70. Kd5 Rc1 71. c6 Ke3 72. Rb2 Rc3 73. Kd6 Kf4 74. c7 g3 75. hxg3+ Kxg3 76. Kd7 Rd3+ 77. Kc8 h3 78. gxh3 Kxh3 79. Kb7 Rc3 80. c8Q+ Rxc8 81. Kxc8 g4 1/2-1/2

[Event "Niedersachsen-ch Seniors op 13th"]
[Site "Bad Bevensen"]
[Date "2010.07.08"]
[Round "3"]
[White "Schwanke, Gerhard"]
[Black "Bauder, Herbert"]
[Result "1-0"]
[WhiteElo "1705"]
[BlackElo "1865"]
[PlyCount "99"]
[EventDate "2010.07.06"]
[EventType "swiss"]
[EventRounds "9"]
[EventCountry "GER"]
[SourceTitle "EXT 2012"]
[Source "ChessBase"]
[SourceDate "2011.11.24"]
[SourceVersion "1"]
[SourceVersionDate "2011.11.24"]
[SourceQuality "1"]

1. e4 c5 2. Nc3 Nc6 3. f4 g6 4. Nf3 Bg7 5. Bb5 a6 6. Bxc6 dxc6 7. 0-0 Nf6 8. d3 0-0 9. Be3 b6 10. Qe1 Bb7 11. Qh4 h5 12. h3 Qd7 13. Na4 Qc7 14. g4 Rad8 15. f5 hxg4 16. hxg4 Rfe8 17. Ng5 Bc8 18. Bf4 Qd7 19. Be3 Qc7 20. Rf2 Rd4 21. Bxd4 cxd4 22. b3 b5 23. Nc5 Qa5 24. fxg6 fxg6 25. Nce6 Bxe6 26. Nxe6 b4 27. Ng5 Qe5 28. Raf1 c5 29. Rh2 a5 30. Kh1 Qd6 31. Nf3 Qf4 32. g5 Qxh4 33. Nxh4 Nh5 34. Rh3 Be5 35. Nxg6 Ng3+ 36. Rxg3 Bxg3 37. Kg2 Kg7 38. Nxe7 Bc7 39. Nd5 Bd8 40. Rf5 Kg6 41. Nf4+ Kg7 42. Rxc5 Bb6 43. Rc6 Bd8 44. Kg3 Kf7 45. Kg4 Re5 46. Nh3 Be7 47. Rc7 Ke8 48. Rc4 Rc5 49. Rxc5 Bxc5 50. Kf5 1-0

[Event "Niedersachsen-ch Seniors op 13th"]
[Site "Bad Bevensen"]
[Date "2010.07.07"]
[Round "2"]
[White "Krotofil, Kurt"]
[Black "Schwanke, Gerhard"]
[Result "1/2-1/2"]
[WhiteElo "1909"]
[BlackElo "1705"]
[PlyCount "40"]
[EventDate "2010.07.06"]
[EventType "swiss"]
[EventRounds "9"]
[EventCountry "GER"]
[SourceTitle "EXT 2012"]
[Source "ChessBase"]
[SourceDate "2011.11.24"]
[SourceVersion "1"]
[SourceVersionDate "2011.11.24"]
[SourceQuality "1"]

1. d4 d5 2. c4 c6 3. Nf3 Nf6 4. Nc3 Bf5 5. e3 e6 6. Bd3 Bg4 7. 0-0 Bd6 8. e4 dxe4 9. Nxe4 Nxe4 10. Bxe4 Nd7 11. Qb3 Qb8 12. h3 Bh5 13. Re1 Nf6 14. Bc2 0-0 15. Bg5 Nd7 16. Qe3 Re8 17. Ne5 Nf8 18. g4 Bg6 19. Nxg6 Nxg6 20. Qe4 Bf4 1/2-1/2

[Event "Niedersachsen-ch Seniors op 10th"]
[Site "Bad Bevensen"]
[Date "2007.07.06"]
[Round "4"]
[White "Schwanke, Gerhard"]
[Black "Kotlar, Alfred"]
[Result "1-0"]
[WhiteElo "1744"]
[BlackElo "1942"]
[PlyCount "45"]
[EventDate "2007.07.03"]
[EventType "swiss"]
[EventRounds "9"]
[EventCountry "GER"]
[SourceTitle "EXT 2022"]
[Source "ChessBase"]
[SourceDate "2021.10.06"]
[SourceVersion "1"]
[SourceVersionDate "2021.10.06"]
[SourceQuality "1"]

1. e4 d6 2. d4 Nf6 3. Nc3 g6 4. Bg5 Bg7 5. Qd2 h6 6. Bf4 c6 7. Bd3 Qb6 8. Nge2 g5 9. Be3 Ng4 10. Rb1 Nxe3 11. Qxe3 Nd7 12. 0-0 e5 13. d5 Qxe3 14. fxe3 c5 15. Nb5 Ke7 16. c4 Nf6 17. Ng3 a6 18. Nc3 h5 19. Nf5+ Bxf5 20. exf5 g4 21. Rfe1 Raf8 22. Kf2 Ne8 23. h4 1-0

[Event "Niedersachsen-ch Seniors op 10th"]
[Site "Bad Bevensen"]
[Date "2007.07.03"]
[Round "1"]
[White "Schwanke, Gerhard"]
[Black "Andersen, Uwe"]
[Result "1-0"]
[WhiteElo "1744"]
[BlackElo "1503"]
[PlyCount "67"]
[EventDate "2007.07.03"]
[EventType "swiss"]
[EventRounds "9"]
[EventCountry "GER"]
[SourceTitle "EXT 2022"]
[Source "ChessBase"]
[SourceDate "2021.10.06"]
[SourceVersion "1"]
[SourceVersionDate "2021.10.06"]
[SourceQuality "1"]

1. e4 e6 2. d4 d5 3. Nd2 dxe4 4. Nxe4 Nd7 5. Nf3 Ngf6 6. Bd3 Be7 7. 0-0 Nxe4 8. Bxe4 Nf6 9. Bd3 h6 10. c3 0-0 11. Qe2 b6 12. Ne5 Bb7 13. Bb5 a6 14. Nc6 Qd6 15. Nxe7+ Qxe7 16. Bd3 Rfe8 17. Bf4 Qd7 18. Rfd1 Qc6 19. f3 Qd7 20. Be5 Qe7 21. Re1 Nd7 22. Bxc7 Rec8 23. Bf4 Nf8 24. Rad1 Rd8 25. Bc4 b5 26. Bb3 Bd5 27. Bc2 g5 28. Bg3 f6 29. h3 Ng6 30. Be4 Bc4 31. Bd3 Rac8 32. Rc1 Qd7 33. Qd2 Rc6 34. Bxg6 1-0

[Event "Bevensen op Seniors 2nd "]
[Site "Bad Bevensen"]
[Date "1999.06.20"]
[Round "2"]
[White "Schwanke, Gerhard"]
[Black "Braun, Gottfried"]
[Result "0-1"]
[WhiteElo "1836"]
[BlackElo "2314"]
[PlyCount "74"]
[EventDate "1999.06.??"]
[EventType "swiss"]
[EventRounds "9"]
[EventCountry "GER"]
[SourceTitle "EXT 2006"]
[Source "ChessBase"]
[SourceDate "2005.11.24"]
[SourceVersion "1"]
[SourceVersionDate "2005.11.24"]
[SourceQuality "1"]

1. e4 d6 2. d4 Nf6 3. Nc3 e5 4. dxe5 dxe5 5. Qxd8+ Kxd8 6. Bg5 Be6 7. Nf3 Nbd7 8. 0-0-0 Kc8 9. Bd3 c6 10. h3 Bc5 11. Rhf1 Kc7 12. Bh4 h6 13. Bg3 Bd6 14. Rfe1 Nh5 15. Ne2 g5 16. Bh2 f6 17. g4 Ng7 18. Ng3 h5 19. Nf5 Nxf5 20. gxf5 Bf7 21. h4 g4 22. Nd2 b5 23. Kb1 Rhg8 24. c4 Nc5 25. Bf1 b4 26. Nb3 Nb7 27. Rd2 a5 28. Red1 Rgd8 29. Rc2 a4 30. Nd2 Bc5 31. Bg3 Rd7 32. Be2 Rad8 33. b3 a3 34. f3 gxf3 35. Bxf3 Be3 36. Be1 Nc5 37. Bg2 Rd4 0-1